Basic democracies : (Record no. 7460)
[ view plain ]
| 000 -LEADER | |
|---|---|
| fixed length control field | 01387cam a22002892 4500 |
| 001 - CONTROL NUMBER | |
| control field | 7460 |
| 003 - CONTROL NUMBER IDENTIFIER | |
| rucl marc code | BD-RjUL |
| 005 - DATE AND TIME OF LATEST TRANSACTION | |
| control field | 20211208234422.0 |
| 008 - FIXED-LENGTH DATA ELEMENTS--GENERAL INFORMATION | |
| fixed length control field | 160820s1964 pk k 001 0 eng d |
| 020 ## - INTERNATIONAL STANDARD BOOK NUMBER | |
| Terms of availability | : Rs.25.00 |
| 035 ## - SYSTEM CONTROL NUMBER | |
| System control number | (BD-RjUL)7503 |
| 040 ## - CATALOGING SOURCE | |
| Original cataloging agency | DLC |
| Transcribing agency | DLC |
| Modifying agency | BD-RjUL |
| Language of cataloging | eng |
| 041 ## - LANGUAGE CODE | |
| Language code of text/sound track or separate title | eng |
| 082 ## - DEWEY DECIMAL CLASSIFICATION NUMBER | |
| Classification number | 352.0009549 |
| Author mark and year | MAB 1964 |
| Edition number | 23 |
| 100 ## - MAIN ENTRY--PERSONAL NAME | |
| Personal name | Mahmood, Afzal. |
| 9 (RLIN) | 129716 |
| 245 10 - TITLE STATEMENT | |
| Title | Basic democracies : |
| Remainder of title | being an exhaustive commentary on basic democracies order, 1959, giving an insight into the law, principles and practice of basic democratic institutions in East Pakistan, incorporating up-to-date rules, notifications and amendments with complete basic democratic election law and elaborate notes on Electoral college act, 1964 / |
| 250 ## - EDITION STATEMENT | |
| Edition statement | wast Pakistan ed. |
| 260 ## - PUBLICATION, DISTRIBUTION, ETC. (IMPRINT) | |
| Place of publication, distribution, etc. | Lahore : |
| Name of publisher, distributor, etc. | All Pakistan Legal Decisions, |
| Date of publication, distribution, etc. | 1964. |
| 300 ## - PHYSICAL DESCRIPTION | |
| Pagination | ii, 545 p. |
| Illustrations | forms. |
| Size | 23 cm. |
| 500 ## - GENERAL NOTE | |
| General note | West Pakistan ed. entered under West Pakistan Laws, statutes, etc. |
| General note | "Supplement to the law and principles of local government-Basic democracies up to 15-3-1966 p. 1-70." (1st group) |
| General note | "Addenda. Basic democracies order (amendment) ordinance, 1966 (V of 1966)": 2 p. inserted. |
| 650 #0 - SUBJECT ADDED ENTRY--TOPICAL TERM | |
| Topical term or geographic name as entry element | Local government |
| General subdivision | Law and legislation |
| Geographic subdivision | Pakistan. |
| 9 (RLIN) | 148344 |
| 942 ## - ADDED ENTRY ELEMENTS (KOHA) | |
| Source of classification or shelving scheme | Dewey Decimal Classification |
| Koha item type | Books |
| Lost status | Source of classification or shelving scheme | Damaged status | Not for loan | Collection code | Permanent Location | Current Location | Shelving location | Date acquired | Source of acquisition | Cost, normal purchase price | Total Checkouts | Full call number | Date last seen | Copy number | Koha item type |
|---|---|---|---|---|---|---|---|---|---|---|---|---|---|---|---|
| Dewey Decimal Classification | Non-fiction | Central Library, University of Rajshahi | Central Library, University of Rajshahi | 16/12/1966 | ROYAL B | 25.00 | 352.0009549 MAB 1964 | 15/01/2014 | C-2 | Books | |||||
| Dewey Decimal Classification | Non-fiction | Central Library, University of Rajshahi | Central Library, University of Rajshahi | 16/12/1966 | Royal Book co. | 25.00 | 352.0009549 MAB 1964 | 20/08/2016 | C-3 | Books | |||||
| Dewey Decimal Classification | Non-fiction | Central Library, University of Rajshahi | Central Library, University of Rajshahi | 16/12/1966 | Royal Book co. | 25.00 | 352.0009549 MAB 1964 | 20/08/2016 | C-4 | Books | |||||
| Dewey Decimal Classification | Non-fiction | Central Library, University of Rajshahi | Central Library, University of Rajshahi | 16/12/1966 | Royal Book co. | 25.00 | 352.0009549 MAB 1964 | 20/08/2016 | C-5 | Books | |||||
| Dewey Decimal Classification | Non-fiction | Central Library, University of Rajshahi | Central Library, University of Rajshahi | 16/12/1966 | Royal Book co. | 25.00 | 352.0009549 MAB 1964 | 20/08/2016 | C-6 | Books | |||||
| Dewey Decimal Classification | Non-fiction | Central Library, University of Rajshahi | Central Library, University of Rajshahi | 16/12/1966 | Royal Book co. | 25.00 | 352.0009549 MAB 1964 | 20/08/2016 | C-7 | Books | |||||
| Dewey Decimal Classification | Non-fiction | Central Library, University of Rajshahi | Central Library, University of Rajshahi | 16/12/1966 | Royal Book co. | 25.00 | 352.0009549 MAB 1964 | 20/08/2016 | C-8 | Books | |||||
| Dewey Decimal Classification | Non-fiction | Central Library, University of Rajshahi | Central Library, University of Rajshahi | 03/08/1966 | Asia foundation | 352.0009549 MAB 1964 | 22/08/2016 | C-9 | Books | ||||||
| Dewey Decimal Classification | Not For Loan | Non-fiction | Central Library, University of Rajshahi | Central Library, University of Rajshahi | Reading Room | 16/12/1966 | Roya | 25.00 | 352.0009549 MAB 1964 | 02/04/2017 | C-1 | Books |